000 01549nam a2200469 i 4500
001 53034
003 KOSZ 005
005 20220602125304.0
008 060829s2006 pl a f f |000 0 pol
015 _aUWD 2006/18239
020 _a8360200122
020 _a9788360200124
035 _a991031433949705066
035 _a(PL-WaBN)b18463113-48omnis_nlop
035 _ab18463113
035 _a(OCoLC)749536059
035 _azz2006773448
035 _a(PL)b0000001846311
035 _a(EXLNZ-48OMNIS_NETWORK)9910381183505606
040 _aWA N
_cWA N
_dKOSZ 005/HR
046 _k2006
080 _a696
080 _a620.2
080 _a(075.8)
100 1 _aAdamski, Mariusz
_d(1961- )
_eAutor
245 1 0 _aMateriałoznawstwo instalacyjne :
_bćwiczenia laboratoryjne /
_cMariusz Adamski ; Politechnika Białostocka.
260 _aBiałystok :
_bWydawnictwo Politechniki Białostockiej,
_c2006.
300 _a103 s. :
_bil. ;
_c23 cm.
336 _aTekst
_btxt
_2rdacontent
337 _aBez urządzenia pośredniczącego
_bn
_2rdamedia
338 _aWolumin
_bnc
_2rdacarrier
380 _aKsiążki
388 _a2001-
504 _aBibliogr. s. 103 i przy niektórych ćwiczeniach.
650 7 _aInstalacje sanitarne
_2DBN
650 7 _aMateriałoznawstwo
655 7 _aPodręczniki akademickie
_2DBN
658 _aInżynieria i technika
856 _uhttp://koha.tu.koszalin.pl/cgi-bin/koha/opac-detail.pl?biblionumber=53034
_yKatalog online BPK
942 _2UKD
_cKS
999 _c53034
_d53034